Nehirden Denize Filistin Öyküleri (Record no. 1298603)
[ view plain ]
| 000 -LEADER | |
|---|---|
| sabit uzunluktaki kontrol alanı | 00302nam a2200109Ia 4500 |
| 001 - KONTROL NUMARASI | |
| kontrol alanı | 1298603 |
| 005 - EN SON İŞLEMİN TARİH VE ZAMANI | |
| kontrol alanı | 20260417170329.0 |
| 008 - SABİT-UZUNLUKTA VERİ ÖĞELERİ--GENEL BİLGİ | |
| sabit uzunluktaki kontrol alanı | 260417s9999 xx 000 0 und d |
| 020 ## - ULUSLARARASI STANDART KİTAP NUMARASI | |
| Uluslararası Standart Kitap Numarası | 9786256590267 |
| 245 #0 - ESER / YAZAR | |
| ESER ADI | Nehirden Denize Filistin Öyküleri |
| Yazar Adı | Nurcan Avcı Bayraktar |
| 260 ## - YAYIN, DAĞITIM, VB. | |
| YAYIN EVİ | Şule Yayınları |
| Düşüm durumu | Kayıp durumu | Hasar Durumu | Ödünç verilmez | Ana kütüphane | Geçerli Kütüphane | Edinilen tarih | Toplam ödünç verme sayısı | Barkod | Son görüntüleme tarihi | Fiyatın geçerli olmaya başladığı tarih | Koha materyal türü |
|---|---|---|---|---|---|---|---|---|---|---|---|
| SULTAN MESUT İLKOKULU | SULTAN MESUT İLKOKULU | 17.04.2026 | 10453341 | 17.04.2026 | 17.04.2026 | Books |